000 00442nam a22001337a 4500
003 OSt
005 20150905141759.0
008 150905b xxu||||| |||| 00| 0 eng d
040 _cRUA
082 _aAGR គន 1992 BOO3 Or.1
100 _932
_aគង-សុពុទ្ធី
245 _aការគ្រប់គ្រងមណ្ធុលអភិវត្តន៍កសិកម្្ម រដ្ឋកម្ពុជា
942 _2ddc
_cAGR
999 _c29
_d29